000 00349nam a2200133Ia 4500
005 20251222144721.0
008 251222s9999||||xx |||||||||||||| ||spa||
020 _a970-26-0172-X
082 _a658.562/A39M
100 _aAlexander Servat, Alberto G.
245 0 _aMejora Continua y Acción Correctiva
264 _bPearson Educación
942 _cLIB
999 _c18197
_d18197